| 000 | 00392nam a2200157Ia 4500 | ||
|---|---|---|---|
| 008 | 151213s9999 xx 000 0 und d | ||
| 100 | _aStraub / Attner | ||
| 245 |
_aIntroduction to Business _cStraub / Attner |
||
| 250 | _a2nd | ||
| 260 |
_aU S A _bKent Pubklication _c1985 |
||
| 300 | _a7163 p. | ||
| 650 | _aBusiness | ||
| 650 | _aBusiness | ||
| 700 | _aStraub / Attner | ||
| 999 |
_c3806 _d3806 |
||